| 000 | 00983nam a2200289 i 4500 | ||
|---|---|---|---|
| 003 | DO-SdBNP | ||
| 005 | 20260521100927.0 | ||
| 007 | ta | ||
| 008 | 260521b2025 dr a|||| |||| 00| 0 spa d | ||
| 020 | _a9789945521023 | ||
| 040 |
_aDO-SdBNP _bspa _cBNPHU _erda |
||
| 041 | _aspa | ||
| 082 | 4 |
_axxx _bxxx _222 |
|
| 100 |
_aEspinosa, Rebeca, _eautor _4aut. _989684 |
||
| 245 | 1 | 0 |
_aAprendiendo lejos de casa : _bhistorias de adaptación, resilencia y nuevos comienzos / _cRebeca Espinosa ; prólogo, Ericaol Carlo |
| 250 | _aprimera edición | ||
| 264 | 4 |
_aSanto Domingo : _beditor no identificado, _c©2025. |
|
| 300 |
_a119 páginas : _bilustraciones ; _c23 cm. |
||
| 336 |
_atexto _btxt _2rdacontent |
||
| 337 |
_asin mediación _bn _2rdamedia |
||
| 338 |
_avolumen _bnc _2rdacarrier |
||
| 500 | _aIncluye datos biográficos del autor en la contracubierta | ||
| 590 | _aBtavárez | ||
| 700 |
_aCarlo, Ericarol, _eprologuista _4pr. _985615 |
||
| 910 | _aBtavárez | ||
| 942 |
_2ddc _cLBS1 |
||
| 999 |
_c60800 _d60800 |
||